<La> décision en miettes systemes de pensée et d'action a l'oeuvre dans la gestion des milieux naturels

Gespeichert in:
Bibliographische Detailangaben
1. Verfasser: Barouch, Gilles
Format: Buch
Sprache:Französisch
Veröffentlicht: Paris L'Harmattan 1989
Schriftenreihe:Collection Logiques sociales
Schlagworte:
Tags: Tag hinzufügen
Keine Tags, Fügen Sie das erste Tag hinzu!

MARC

LEADER 00000nam$a2200000$$$4500
001 0112990
005 20240111123344.0
041 0 |a fre 
044 |a FR 
245 1 0 |a <La> décision en miettes  |b systemes de pensée et d'action a l'oeuvre dans la gestion des milieux naturels  |c Gilles Barouch 
264 1 |a Paris  |b L'Harmattan  |c 1989 
300 |a 234 s. 
490 1 |a Collection Logiques sociales 
830 0 |a Collection Logiques sociales 
610 2 0 |a ekológia 
610 2 0 |a prostredie životné 
610 2 0 |a rozhodovanie 
610 2 0 |a ochrana prostredia životného 
100 1 |a Barouch, Gilles